| 000 | 005670000a22001810004500 | ||
|---|---|---|---|
| 003 | MACL | ||
| 005 | 20160227133138.0 | ||
| 008 | 160227b xxu||||| |||| 00| 0 eng d | ||
| 040 |
_aMACL _cMACL |
||
| 041 | _aHindi | ||
| 082 | _a800 | ||
| 100 |
_aडॉ उषा गोयल _940918 |
||
| 245 | _aहिन्दी कहानी चरित्र चित्रण का विकास | ||
| 260 |
_bमंथन पब्लिकेशन्स _c1981 _aरोहतक |
||
| 350 | _a75 | ||
| 650 |
_aLiteracture _939932 |
||
| 942 |
_cHIN _k800 _2ddc |
||
| 999 |
_c28210 _d28210 |
||